| 000 | 00684cam a2200193 4500 | ||
|---|---|---|---|
| 001 | WB3707-03 | ||
| 008 | 000000n2001 000 0 eng u | ||
| 035 | _a(Sirsi) u110929 | ||
| 245 | _aImplementing 'Rethinking Construction' | ||
| 260 | _c2001 | ||
| 490 |
_aContract Journal _v407(6313) 7 February 2001, 7(1) |
||
| 520 | _aThe Construction Best Practice Programme aims to promote greater regional focus and provide better practical guidance on how to implement the "Rethinking Construction" agenda this year. | ||
| 590 | _aWB | ||
| 650 | _aEGAN REFORMS | ||
| 650 | _aIMPLEMENTATION | ||
| 650 | _aSMALL FIRMS | ||
| 690 | _aBUILT ENVIRONMENT-BUILDING STANDARDS | ||
| 942 | _n0 | ||
| 999 |
_c66121 _d66121 |
||